Límites sem trauma : construindo cidadaos /

Guardado en:
Detalles Bibliográficos
Autor principal: Zagury, Tania (autor)
Formato: Libro
Idioma:Portugués
Publicado: Río de Janeiro, Brasil : Record, 2004, c2004
Edición:64a ed.
Temas:
Etiquetas: Agrega una etiqueta
Sin etiquetas, Sé el primero en etiquetar este registro!

MARC

LEADER 00000nam^a2200000^a^4500
001 000173515
005 20250521000000.0
009 20260310101458.412
020 |a 85-01-05994-3 
037 |a Acervo ITESO - Biblioteca 
041 |a POR 
082 |a 649. 6  |b ZAG 
100 |a Zagury, Tania  |e (autor) 
245 1 0 |a Límites sem trauma :  |b construindo cidadaos /  |c T. Zagury. 
250 |a 64a ed. 
264 4 |a Río de Janeiro, Brasil :  |b Record,  |c 2004, c2004 
300 |a 174 p. 
336 |a texto  |b txt  |2 rdacontenido 
337 |a sin mediación  |b n  |2 rdamedio 
338 |a volumen  |b nc  |2 rdasoporte 
649 |a XX 
650 |a Niños -  |x Cuidado e Higiene 
650 |a Niños -  |x Condiciones Psicológicas 
650 |a Modificación de Conducta 
650 |a Autoestima 
650 |a Comunicación Personal 
650 |a Relaciones Padres-Hijos 
650 |a Relaciones Familiares 
650 |a Psicología 
910 |a Fondo General 
920 |a Impresos - Libros 
930 |a Colección General 
905 |a 101 
901 |a 0500110974  |b IT1  |c ACC  |u 20250521 
902 |a https://opac.biblio.iteso.mx/vufind/Record/000173515